Statistics for Pokémon starting with an S (generation 1-7)

Click here to take the quiz!

General Stats

  • This quiz has been taken 4 times
  • The average score is 41 of 112

Answer Stats

GenPokémon% Correct
3Sableye
67%
3Salamence
67%
3Sceptile
67%
2Scizor
67%
1Seadra
67%
1Seaking
67%
3Sealeo
67%
3Seedot
67%
1Seel
67%
3Shuppet
67%
3Silcoon
67%
3Skitty
67%
4Skorupi
67%
1Slowbro
67%
2Slowking
67%
1Slowpoke
67%
2Slugma
67%
2Smeargle
67%
2Sneasel
67%
1Spearow
67%
3Spheal
67%
3Spinda
67%
1Squirtle
67%
4Staraptor
67%
4Staravia
67%
4Starly
67%
1Starmie
67%
1Staryu
67%
2Steelix
67%
4Stunky
67%
3Swellow
67%
5Swoobat
67%
6Sylveon
67%
7Salandit
33%
7Salazzle
33%
5Samurott
33%
5Sandile
33%
1Sandshrew
33%
1Sandslash
33%
5Sawk
33%
5Sawsbuck
33%
1Scyther
33%
2Sentret
33%
5Serperior
33%
5Servine
33%
3Seviper
33%
5Sewaddle
33%
3Sharpedo
33%
4Shaymin
33%
3Shedinja
33%
3Shelgon
33%
1Shellder
33%
5Shelmet
33%
3Shiftry
33%
7Shiinotic
33%
4Shinx
33%
3Shroomish
33%
2Shuckle
33%
5Sigilyph
33%
2Skarmory
33%
2Skiploom
33%
4Skuntank
33%
3Slaking
33%
3Slakoth
33%
2Smoochum
33%
5Snivy
33%
3Snorunt
33%
4Snover
33%
2Snubbull
33%
7Solgaleo
33%
5Solosis
33%
3Solrock
33%
2Spinarak
33%
4Spiritomb
33%
7Stakataka
33%
2Stantler
33%
5Stoutland
33%
5Stunfisk
33%
2Sudowoodo
33%
2Suicune
33%
2Sunflora
33%
2Sunkern
33%
3Surskit
33%
3Swablu
33%
5Swadloon
33%
3Swalot
33%
3Swampert
33%
5Swanna
33%
2Swinub
33%
6Swirlix
33%
7Sandygast
0%
6Scatterbug
0%
5Scolipede
0%
5Scrafty
0%
5Scraggy
0%
5Seismitoad
0%
4Shellos
0%
4Shieldon
0%
7Silvally
0%
3Simipour
0%
3Simisage
0%
3Simisear
0%
6Skiddo
0%
6Skrelp
0%
6Sliggoo
0%
6Slurpuff
0%
1Snorlax
0%
6Spewpa
0%
3Spoink
0%
6Spritzee
0%
7Steenee
0%
7Stufful
0%

Score Distribution

Percentile by Number Answered

Percent of People with Each Score

Your Score History

You have not taken this quiz